[Event "Wch U16"]
[Site "Oropesa del Mar"]
[Date "2001.10.22"]
[Round "2"]
[White "Kukel, Imre1111"]
[Black "Pixton, Aaron"]
[Result "0-1"]
[WhiteElo "2215"]
[BlackElo "2351"]
[PlyCount "69"]
[EventDate "2001.10.21"]
[EventType "swiss"]
[EventRounds "11"]
[EventCountry "ESP"]
[SourceTitle "EXT 2002"]
[Source "ChessBase"]
[SourceDate "2001.11.25"]
[SourceVersion "1"]
[SourceVersionDate "2001.11.25"]
[SourceQuality "1"]

1. e4 c5 2. Nf3 d6 3. d4 cxd4 4. Nxd4 Nf6 5. Nc3 g6 6. Be3 Bg7 7. f3 Nc6 8. Bc4 0-0 9. Qd2 Bd7 10. 0-0-0 Ne5 11. Bb3 Qa5 12. Kb1 Rfc8 13. h4 Nc4 14. Bxc4 Rxc4 15. Nb3 Qa6 16. Bh6 Bh8 17. h5 Rac8 18. g4 Rxc3 19. bxc3 Bxg4 20. e5 Bxf3 21. exf6 Bxd1 22. Qxd1 Bxf6 23. hxg6 hxg6 24. Bd2 Qc6 25. Rh3 Qg2 26. Rd3 Kg7 27. Qf3 Qxf3 28. Rxf3 g5 29. Nd4 Kg6 30. Rh3 Rc4 31. Ne2 Be5 32. Kb2 Re4 33. Nc1 b5 34. Nd3 Bf6 35. Nb4 0-1

[Event "World op 29th"]
[Site "Philadelphia"]
[Date "2001.07.07"]
[Round "6"]
[White "Pixton, Aaron"]
[Black "Benjamin, Joel"]
[Result "0-1"]
[WhiteElo "2277"]
[BlackElo "2581"]
[PlyCount "102"]
[EventDate "2001.06.30"]
[EventType "swiss"]
[EventRounds "9"]
[EventCountry "USA"]
[SourceTitle "EXT 2002"]
[Source "ChessBase"]
[SourceDate "2001.11.25"]
[SourceVersion "1"]
[SourceVersionDate "2001.11.25"]
[SourceQuality "1"]

1. d4 Nf6 2. Bg5 Ne4 3. Bf4 c5 4. f3 Qa5+ 5. c3 Nf6 6. d5 e6 7. e4 exd5 8. exd5 d6 9. Na3 Be7 10. Nc4 Qc7 11. a4 0-0 12. g4 Nbd7 13. Ne2 Re8 14. Bg2 Bf8 15. 0-0 Nb6 16. Nxb6 Qxb6 17. Ng3 Qxb2 18. g5 Nd7 19. Ne4 Qb6 20. a5 Qc7 21. Bg3 b6 22. f4 bxa5 23. f5 Ne5 24. Qh5 Qd8 25. Rf4 Nd3 26. Rh4 Bxf5 27. Qf3 Bxe4 28. Rxe4 Rxe4 29. Qxe4 c4 30. Qxc4 Qb6+ 31. Kh1 Nf2+ 32. Bxf2 Qxf2 33. Rf1 Qe3 34. Qc7 Be7 35. c4 Rf8 36. c5 dxc5 37. d6 Bxg5 38. Qxa7 Qd4 39. d7 Bd8 40. Rc1 Qd6 41. Qxc5 Qxd7 42. Qc4 Bf6 43. Rf1 Rd8 44. Qb3 a4 45. Qg3 Qd6 46. Qg4 a3 47. Qa4 g6 48. Qa7 Kg7 49. Rf3 Rc8 50. Rf1 Rc2 51. Qa4 Rd2 0-1

[Event "Foxwoods op 03rd"]
[Site "Connecticut"]
[Date "2001.04.15"]
[Round "6"]
[White "Gurevich, Dmitry"]
[Black "Pixton, Aaron"]
[Result "1-0"]
[WhiteElo "2543"]
[BlackElo "2277"]
[PlyCount "83"]
[EventDate "2001.04.12"]
[EventType "swiss"]
[EventRounds "7"]
[EventCountry "USA"]
[SourceTitle "CBM 081 Extra"]
[Source "ChessBase"]
[SourceDate "2001.05.06"]
[SourceVersion "1"]
[SourceVersionDate "2001.05.06"]
[SourceQuality "1"]

1. d4 e6 2. c4 b6 3. a3 f5 4. Nc3 Nf6 5. g3 Ba6 6. Bg2 c6 7. Qa4 d5 8. cxd5 b5 9. Qb3 cxd5 10. Bg5 Nc6 11. Nf3 Na5 12. Qa2 Be7 13. 0-0 0-0 14. Ne5 Ne4 15. Nxe4 fxe4 16. Bd2 Bd6 17. Bh3 Bc8 18. Bxa5 Qxa5 19. Rac1 Bxe5 20. dxe5 Qb6 21. b4 Qd4 22. Rc7 Qxe5 23. Qc2 Qh5 24. Qc6 Rb8 25. Qc3 Qh6 26. Rc1 Bb7 27. Bxe6+ Kh8 28. Qd4 Rbe8 29. Bg4 Qg5 30. Bh3 Ba8 31. R1c5 Rg8 32. Rxa7 e3 33. f3 Qg6 34. Rc1 h6 35. Bd7 Re7 36. Bxb5 Rxa7 37. Qxa7 Qf6 38. Qxe3 d4 39. Qf4 Qb6 40. Bd3 Qa7 41. Rc7 Qb6 42. Qf5 1-0

[Event "Foxwoods op 03rd"]
[Site "Connecticut"]
[Date "2001.04.14"]
[Round "4"]
[White "Ibragimov, Ildar"]
[Black "Pixton, Aaron"]
[Result "1-0"]
[WhiteElo "2578"]
[BlackElo "2277"]
[PlyCount "81"]
[EventDate "2001.04.12"]
[EventType "swiss"]
[EventRounds "7"]
[EventCountry "USA"]
[SourceTitle "CBM 081 Extra"]
[Source "ChessBase"]
[SourceDate "2001.05.06"]
[SourceVersion "1"]
[SourceVersionDate "2001.05.06"]
[SourceQuality "1"]

1. Nf3 e6 2. c4 b6 3. g3 Bb7 4. Bg2 c5 5. 0-0 Nf6 6. Nc3 d6 7. Re1 Be7 8. e4 a6 9. d4 cxd4 10. Nxd4 Qc7 11. Be3 0-0 12. Rc1 Nbd7 13. f4 Rfe8 14. g4 Nf8 15. g5 N6d7 16. h4 Rac8 17. b3 Qb8 18. f5 g6 19. fxe6 fxe6 20. Rf1 Bd8 21. Rc2 Ne5 22. Bh3 Rc7 23. Nf3 Rf7 24. Nxe5 Rxf1+ 25. Qxf1 dxe5 26. Qf3 Bc6 27. Nd1 Qb7 28. Nf2 Re7 29. Ng4 Rf7 30. Nh6+ Kg7 31. Qxf7+ Qxf7 32. Nxf7 Kxf7 33. Rd2 Bc7 34. b4 Bxe4 35. Bg2 Bf5 36. Bb7 a5 37. b5 Ke7 38. Bc6 e4 39. c5 e5 40. cxb6 Bd6 41. b7 1-0